Win the German Presidential Election! - Statistics

General Stats
  • This quiz has been taken 1,001 times
  • The average score is 48 of 81
Answers on the Map
Answers color-coded by a green-red scale on the quiz's map according to % correct below.
 
Answer Stats
State % Correct
Bavaria
92%
Bavaria
92%
Bavaria
92%
Bavaria
92%
Bavaria
92%
Bavaria
92%
Bavaria
92%
Bavaria
92%
Bavaria
92%
Bavaria
92%
Bavaria
92%
Bavaria
92%
Bavaria
92%
Berlin
87%
Berlin
87%
Berlin
87%
Hamburg
68%
Hamburg
68%
Saxony
66%
Saxony
66%
Saxony
66%
Saxony
66%
Baden-Württemberg
62%
Baden-Württemberg
62%
Baden-Württemberg
62%
Baden-Württemberg
62%
Baden-Württemberg
62%
Baden-Württemberg
62%
Baden-Württemberg
62%
Baden-Württemberg
62%
Baden-Württemberg
62%
Baden-Württemberg
62%
Baden-Württemberg
62%
North Rhine-Westphalia
54%
North Rhine-Westphalia
54%
North Rhine-Westphalia
54%
North Rhine-Westphalia
54%
North Rhine-Westphalia
54%
North Rhine-Westphalia
54%
North Rhine-Westphalia
54%
North Rhine-Westphalia
54%
North Rhine-Westphalia
54%
North Rhine-Westphalia
54%
North Rhine-Westphalia
54%
North Rhine-Westphalia
54%
North Rhine-Westphalia
54%
North Rhine-Westphalia
54%
North Rhine-Westphalia
54%
North Rhine-Westphalia
54%
North Rhine-Westphalia
54%
North Rhine-Westphalia
54%
Bremen
51%
Brandenburg
49%
Brandenburg
49%
Hesse
47%
Hesse
47%
Hesse
47%
Hesse
47%
Hesse
47%
Hesse
47%
Lower Saxony
46%
Lower Saxony
46%
Lower Saxony
46%
Lower Saxony
46%
Lower Saxony
46%
Lower Saxony
46%
Lower Saxony
46%
Lower Saxony
46%
Rhineland-Palatinate
40%
Rhineland-Palatinate
40%
Rhineland-Palatinate
40%
Rhineland-Palatinate
40%
Saarland
36%
Schleswig-Holstein
36%
Schleswig-Holstein
36%
Schleswig-Holstein
36%
Thuringia
31%
Thuringia
31%
Mecklenburg-Vorpommern
30%
Saxony-Anhalt
23%
Saxony-Anhalt
23%
No matching quizzes found
Score Distribution
Percent of People with Each Score
Percentile by Number Answered
Your Score History
You have not taken this quiz